000 02439nam a22003617a 4500
001 42835
003 gtgccic
005 20251106115523.0
007 ta
008 251106b gt ||||| |||| 00| 0 spa d
040 _agtgccic
_bspa
_cgtgccic
_erda
084 _0TPI-16-0101
100 1 0 _aDiego Silva Linares
_dIngeniero Químico
_eautor
245 1 0 _aReúso del efluente tratado del proceso de lavado de prendas textiles de lona,
_bpara mitigar la huella ambiental en una planta de producción en Guatemala /
_cSilva Linares, Diego
264 1 _aGuatemala, Guatemala :
_bUSAC, Facultad de Ingeniería ;
_c2016.-
300 _aLII, 84 p. :
_bil. ;
_c27 cm
336 _2rdacontenido
_aTexto
_btxt
337 _2rdamedio
_asin mediación
_bn
338 _2rdasoporte
_avolumen
_bnc
502 _aTesis Postgrado
_bMAESTRO EN ENERGÍA Y AMBIENTE
_cUSAC, Facultad de Ingeniería, Escuela de Postgrado
_d2016
_oTPI-16-0101
504 _aBibliografía pag. 69
505 _tMARCO TEÓRICO (impacto ambiental)
505 _t2. METODOLOGÍA
505 _t3. RESULTADOS
505 _t4. DISCUSIÓN DE RESULTADOS
520 3 _aA nivel de huella ambiental, las textileras son orgnizaciones industriales que pueden generar muchos residuos y descargas, los cuales con un buen proceso de tratamiento se pueden obtener nuevos subproductos de posible reutilización que permitan reducir su impacto en la huella producida. Una de las etapas que genera mayor cantidad de emisiones es la etapa de lavandería, ya que el consumo que se tiene de agua es alto y su calidad se ve alterada de manera constante. Para mitigar parte de la huella ambiental que se genera, las empresas optan por usar sistemas de tratamiento de aguas residuales especiales. Sin embargo, otra parte importante es la generación de técnicas operativas innovadoras para su posterior uso. A partir del efluente generado por un sistema de tratamiento de una empresa de manufactura de textiles de lona, la oportunidad de reutilizar el flujo de agua tratada dentro del mismo proceso de lavandería, garantizando reducir de una forma más innovadora la huella ambiental que se produce por el efluente descargado al sistema del alcantarillado y de las prendas lavadas durante el proceso.
650 _aPRODUCTOS TEXTILES
650 _aIMPACTO AMBIENTAL
650 _aPRODUCCIÓN
700 _aMBA ING.(A). Marco Antonio García
_easesor
942 _2ddc
_cTPS
945 _aamlo
999 _c2501
_d2501